000 01179nam0a22003131 4500
001 RU\INFOCOMM_322\NLR\5000102559
005 20250613104932.0
035 _a(NLR Aleph) 009515766
090 _a8795242
_c8795242
100 _a20121212d1993 |||y0rusy50 ca
101 0 _aeng
102 _aRU
105 _ay z |||||
200 1 _aClinical dosimetry at ITEP
_eA rev. of instruments a. methods
_fV. Kostjuchenko, D. Nichiporov
210 _aМосква
_cИн-т теорет. и эксперим. физики
_d1993
215 _a13 с.
_d20 см
225 1 _aInstitute of theoretical and experimental physics
_v21-93
300 _aВ вып. дан.: Клиническая дозиметрия в ИТЭФ: Обзор приборов и методик / В. Костюченко, Д. Ничипоров
320 _aБиблиогр.: с. 11-13
686 _aР362
_2rubbk
700 1 _9z01790
_aKostjučenko
_bV.
701 1 _9z02790
_aNičiporov
_bD.
790 1 _9z01700
_aKostjuchenko
_bV.
_4070
790 1 _9z02701
_aNichiporov
_bD.
_4070
801 1 _aRU
_bNLR
_c20121212
801 0 _aRU
_bINFOCOMM
_gPSBO
852 _aNLR
_jМд21 Д-4/43
942 _cBOOK
980 _aNB